Bases patogénicas de la insuficiencia miocárdica y posibilidades de corregirla 1/2003

El empeoramiento e la insuficiencia cardiaca supone una compleja interacción de varias alteraciones funcionales y estructurales. La activación de los sistemas neurohumorales y de las citocinas puede que tengan inicialmente un papel compensador, pero al final producen efectos nocivos sobre el miocard...

Ful tanımlama

Detaylı Bibliyografya
Diğer Yazarlar: Garg, Shaila, Narula, Jagat
Materyal Türü: Kitap Bölümü
Dil:Spanish
Konular:

MARC

LEADER 00000naa a2200000 a 4500
001 27422-1
005 20230308154249.0
008 004061| ||||||||r|||||||||||spa||
040 |b spa 
041 a |a Español 
082 0 |a 616.1 
245 |a Bases patogénicas de la insuficiencia miocárdica y posibilidades de corregirla  |c Shaila Garg  |h imp  |n 1/2003 
264 |a Madrid  |b McGraw-Hill  |c 2003 
300 |a páginas: 81-89  |c 26 cm 
504 |a incl. ref. 
520 3 |a El empeoramiento e la insuficiencia cardiaca supone una compleja interacción de varias alteraciones funcionales y estructurales. La activación de los sistemas neurohumorales y de las citocinas puede que tengan inicialmente un papel compensador, pero al final producen efectos nocivos sobre el miocardio. Cuando en este órgano aparecen alteraciones anatómicas a nivel molecular estamos ante el proceso llamado de remodelación, que guarda correlación directa con el pronóstico. En comparación con los recursos farmacológicos, los dispositivos implantables de apoyo al ventrículo izquierdo pueden aliviar la sobrecarga del corazón de forma más significativa y facilitar el uso de dispositivo de apoyo a largo plazo, como paso previo a la recuperación de la insuficiencia miocárdica. AU 
650 |a Ventriculo izquierdo  |9 3472 
650 |a Insuficiencia cardiaca  |9 3487 
650 |a Homeostasis del calcio  |9 3488 
700 |a Garg, Shaila  |9 3489 
700 |a Narula, Jagat  |9 3490 
773 0 |a  Garg, Shaila   |d Madrid McGraw-Hill 2003  |t Clínicas Cardiológicas de Norteamérica 
852 |a UC-SALUD  |c ESTANTERIA ABIERTA  |f Compra  |k teresa.bermeoh  |l 1  |m Limitada  |p 20040618  |q $ 45.25  |t 27422-1  |b 1  |d CDRS  |e CDRS  |g 616.1 ESTANTERIA ABIERTA  |z 2004-40-61 
942 |c BKA 
999 |c 1168  |d 1168